000 00745nam a22002651 4500
001 16247
003 BD-RjUL
005 20211209000002.0
008 140213s1955 enk 001 0 eng
035 _a(BD-RjUL)16302
035 _a(OCoLC)4576038
040 _aDLC
_cOCl
_dUk
_dDLC
_dBD-RjUL
_beng
041 _aeng
082 _220
_a658.151
_bBOF 1955
100 1 _aBond, George Dennis.
_950249
245 1 0 _aFinancial aspects of industrial management /
_cGeorge Dennis Bond
260 _aLondon :
_bButterworth,
_c1955.
300 _aix, 530 p. ;
_c25 cm.
504 _aIncludes index.
650 0 _aControllership.
_947671
650 0 _aCorporations
_xFinance.
_950250
942 _2ddc
_cBK
999 _c16247
_d16247